| 000 | 02043cam a2200289Ia 4500 | ||
|---|---|---|---|
| 001 | 76435 | ||
| 003 | GBCCL | ||
| 005 | 20241126110401.0 | ||
| 008 | 970603t19971994miu b 001 0 eng d | ||
| 020 | _a0801090407 (pbk.) | ||
| 035 | _a(OCoLC)37006968 | ||
| 040 |
_aGMA _cGMA _dVFY _dLBB |
||
| 049 |
_aLBBK _aLBBT _aLBBC |
||
| 082 |
_a253.0202 _bLEA |
||
| 090 |
_aBV4011 _b.L43 1994 |
||
| 090 |
_aBV4011 _b.L43 1997 |
||
| 245 | 0 | 0 |
_aLeadership handbook of management and administration / _cgeneral editor, James D. Berkley. |
| 260 |
_aGrand Rapids, Mich. : _bBaker Books, _c2003, c1994. |
||
| 300 |
_axx, 524 p. ; _c23 cm. |
||
| 504 | _aIncludes bibliographical references and index. | ||
| 505 | 0 | _aPart 1. The purpose of personal management -- The call to ministry -- Our responsibility to God -- Responsibility to the ministry -- Responsibility to family members -- Responsibility to self -- Time management -- Personal finances -- Part 2. The meaning of church vocation -- The search process -- Negotiating the terms of a call -- Making the move -- Part 3. The meaning of leadership -- The responsibilities of leadership -- Leading Christians -- Crisis and conflict -- Part 4. The meaning of supervision -- Hiring support staff -- Calling ministerial and program staff -- Managing staff -- Terminating staff -- Part 5. The meaning of volunteerism -- Volunteer recruitment -- Volunteer training -- Supporting volunteers -- Part 6. The purpose of management -- Managing church government -- Managing the church office -- Managing the church computer system -- Managing buildings and grounds -- Managing construction and remodeling -- Part 7. The purpose of Stewardship -- Planning stewardship -- Conducting special fund drives -- Receiving and recording money -- Managing and apportioning money -- Spending church money -- Tax and law considerations. | |
| 650 | 0 |
_aManagement. _92875 |
|
| 650 | 0 |
_aPastoral theology. _9414 |
|
| 650 | 0 |
_aChurch management. _92876 |
|
| 700 | 1 |
_aBerkley, James D., _d1950- _92877 |
|
| 942 |
_2ddc _cBK _019 |
||
| 999 |
_c1448 _d1448 |
||